| 000 | 00381nam a2200145Ia 4500 | ||
|---|---|---|---|
| 008 | 240624s9999 xx 000 0 und d | ||
| 041 | _aeng | ||
| 082 | _a004.6 FIT | ||
| 100 | _aFITZGERALD JERRY | ||
| 245 | _aBUSINESS DATA COMMUNICATIONS AND NETWORK | ||
| 250 | _a(8th ed.) | ||
| 260 |
_c2005 _aSingapore _bJohn Wiley and Sons |
||
| 300 | _axiv, : 546 : p. : cm. ; 23 | ||
| 365 | _c | ||
| 999 |
_c6152 _d6152 |
||